000 01928cab a2200553 4500
001 ABS55544
008 090401t1996 xxu||||| |||| 00| 0 eng d
035 _a(Sirsi) u17240
041 _aeng
100 _aWilliams, D.
245 _aLandlord and tenant: case law update
260 _c1996
350 _a0
490 _aEstates Gazette
_v(9629) 20 July 1996, 99-102(4)
520 _aReviews recent landlord and tenant case law under the Acts of 1927, 1954, 1987 and 1988.
650 _aBARCLAYS BANK PLC V DAEJAN INVESTMENTS GROVE HALL LTD
650 _aBELVEDERE COURT MANAGEMENT LTD V FROGMORE DEVELOPMENTS LTD
650 _aBREAK CLAUSE
650 _aDETERMINATION
650 _aESSELTE AB V PEARL ASSURNACE PLC
650 _aGANTON HOUSE INVESTMENTS V CROSSMAN INVESTMENTS
650 _aGARSTON V SCOTTISH WIDOWS FUND
650 _aGRAYSIM HOLDINGS LTD V P&O PROPERTY HOLDINGS LTD
650 _aKNOLLDOWNE PROPERTIES V BROMLEY & COGGER
650 _aIPERION INVESTMENTS V BROADWALK HOUSE RESIDENTS
650 _aLANDLORD AND TENANT ACT 1927
650 _aLANDLORD AND TENANT ACT 1954
650 _aLANDLORD AND TENANT ACT 1985
650 _aLANDLORD AND TENANT ACT 1987
650 _aLEASE RENEWAL
650 _aLEASEHOLD ENFRANCHISEMENT
650 _aLEASEHOLD REFORM, HOUSING AND URBAN DEVELOPMENT ACT 1993
650 _aMAINWARING V HENRY SMITHS CHARITY TRUSTEES
650 _aMARKET HALL
650 _aPOSSESSION
650 _aREGULATED TENANCIES
650 _aRENT REVIEWS
650 _aROGAN V WOODFIELD BUILDING SERVICES
650 _aSERVICE CHARGES
650 _aSUBTENANCIES
650 _aTOWN AND COUNTRY PLANNING USE CLASSES ORDER 1987
650 _aUNDERLEASES
650 _aUSE CLASSES
650 _aWILLISON V CHEVERELL ESTATES LTD
650 _aWRIGHT V MORTIMER
690 _aLandlord and tenant
_96252
942 _n0
948 _c04/03/1997
999 _c11432
_d11432